000 00915nam a22001337a 4500
040 _cRUA
082 _aAVM LY 2018 B654 Or.1
100 _aLY SOKONG លី សុខគង់
245 _aantimicrobial resistance profile found in a case study of escherinary coli from environment of veterinary teaching hospital of royal university of agriculture ​ ភាពសុាំមេរោគទល់និងឪសថអង់ប្យូទិចក្នុងករណីសិក្សារលើអឺកូលី យកចេញពីទីតាំងផ្សេងៗគ្នារបស់មន្ទីពេទ្យសត្វនៃសាកលវិទ្យាល័យភូមិន្ទកសិកម្ម
260 _aRUA
_bPhnom penh
_c2018
300 _aviii;24p
_bill;
_c29cm
856 _uhttps://drive.google.com/file/d/1j3dMCATdma9gxlTDDX3c5mB8C_81n2eN/view?usp=sharing
942 _cAVM
999 _c18538
_d18538